LIBRARY & INFORMATION CENTRE, KCAET, TAVANUR

ONLINE PUBLIC ACCESS CATALOGUE (OPAC)

Desgin, fabrication and testing of a manually operated paddy dibbler (Record no. 15260)

MARC details
000 -LEADER
fixed length control field 00699nam a22001937a 4500
003 - CONTROL NUMBER IDENTIFIER
control field OSt
088 ## - REPORT NUMBER
Report number P 31
100 ## - MAIN ENTRY--AUTHOR NAME
Personal name DINESH K. MENON
245 ## - TITLE STATEMENT
Title Desgin, fabrication and testing of a manually operated paddy dibbler
260 ## - PUBLICATION, DISTRIBUTION, ETC. (IMPRINT)
Place of publication Tavanur 1993
Name of publisher Department of Farm Power Machinery and Energy
300 ## - PHYSICAL DESCRIPTION
Number of Pages 55
500 ## - GENERAL NOTE
General note Desgin, fabrication and testing of a manually operated paddy dibbler
520 ## - SUMMARY, ETC.
Summary, etc Desgin, fabrication and testing of a manually operated paddy dibbler
700 ## - ADDED ENTRY--PERSONAL NAME
Personal name Maji G. Krishnan
700 ## - ADDED ENTRY--PERSONAL NAME
Personal name Er. Jippu Jacob (Guide)
856 ## - ELECTRONIC LOCATION AND ACCESS
Uniform Resource Identifier https://drive.google.com/open?id=11nz1i1uxbCVthWqyPWuxPErECoCZgLs7
942 ## - ADDED ENTRY ELEMENTS (KOHA)
Koha item type Project Report
Holdings
Collection code Home library Current library Shelving location Full call number Accession Number Koha item type
Reference KAUAET KAUAET Reference 631.3 DIN/DE P 31 Project Report
free website counter